|
|
|
|
| LEADER |
00000naa2a2200000 4500 |
| 001 |
401767 |
| 005 |
20231101065621.0 |
| 035 |
|
|
|a (RuTPU)RU\TPU\prd\46083
|
| 090 |
|
|
|a 401767
|
| 100 |
|
|
|a 20060913a2006 k y0rusy50 ca
|
| 101 |
0 |
|
|a rus
|
| 102 |
|
|
|a RU
|
| 200 |
1 |
|
|a Общественный интерес или экономическая выгода
|e Нужен компромисс между правом доступа к информации и законом
|f В. Б. Наумов
|
| 225 |
1 |
|
|a Авторское право
|
| 461 |
|
0 |
|0 (RuTPU)RU\TPU\prd\12643
|t Библиотечное дело
|o ежемесячный журнал
|d 2003-
|
| 463 |
|
0 |
|0 (RuTPU)RU\TPU\prd\45519
|t № 4
|v С. 2-4
|d 2006
|
| 610 |
1 |
|
|a информация
|
| 610 |
1 |
|
|a право доступа
|
| 610 |
1 |
|
|a доступ
|
| 610 |
1 |
|
|a закон
|
| 610 |
1 |
|
|a авторское право
|
| 610 |
1 |
|
|a экономика
|
| 610 |
1 |
|
|a этика
|
| 700 |
|
1 |
|a Наумов
|b В. Б.
|g Виктор Борисович
|
| 801 |
|
1 |
|a RU
|b 63413507
|c 20060913
|g PSBO
|
| 942 |
|
|
|c BK
|